Historia de la alegría. (Record no. 905009)

000 -CABECERA
Campo de control de longitud fija 00718nam a22002177a 4500
001 - NÚMERO DE CONTROL
Campo de control 129950
003 - IDENTIFICADOR DEL NÚMERO DE CONTROL
Campo de control ES-SlBCS
005 - FECHA Y HORA DE LA ÚLTIMA TRANSACCIÓN
Campo de control 20260623074827.0
008 - CÓDIGOS DE INFORMACIÓN DE LONGITUD FIJA
Campo de control de longitud fija 260623b ||||| |||| 00| 0 spa d
017 ## - NÚMERO DE COPYRIGHT O DE DEPÓSITO LEGAL
Número de copyright o de depósito legal M 137-2026
Agencia que asigna el número Madrid
020 ## - NÚMERO INTERANCIONAL NORMALIZADO PARA LIBROS (ISBN)
Número Internacional Normalizado para Libros (ISBN) 979-13-7009-192-7
040 ## - FUENTE DE LA CATALOGACIÓN
Centro catalogador del origen ES-SlBCS
Lengua de catalogación spa
Centro modificador ES-SlBCS
100 1# - PUNTO DE ACCESO PRINCIPAL-NOMBRE DE PERSONA
Nombre de persona Corbin, Alain
9 (RLIN) 331221
245 1# - MENCIÓN DE TÍTULO
Título Historia de la alegría.
Resto del título Viaje al corazón de nuestra intimidad.
Mención de responsabilidad, etc. Alain Corbin
260 ## - PUBLICACIÓN, DISTRIBUCIÓN, ETC... (PIE DE IMPRENTA)
Lugar de publicación, distribución, etc. Madrid
Nombre del editor, distribuidor, etc. Alianza Editorial
Fecha de publicación, distribución, etc. 2026
300 ## - DESCRIPCIÓN FÍSICA
Extensión 179 p.,
Otras características físicas tapa blanda;
Dimensiones 20 cm.
500 1# - NOTA GENERAL
Nota general Donación de Gabrielle Palasciano
650 ## - PUNTO DE ACCESO ADICIONAL DE MATERIA-TÉRMINO DE MATERIA
Término de materia o nombre geográfico como elemento inicial Antropología
Subdivisión de forma Espiritualidad
Subdivisión de materia general Alegía
9 (RLIN) 429748
700 1# - PUNTO DE ACCESO ADICIONAL-NOMBRE DE PERSONA
Nombre de persona Miguel Morey
Término indicativo de función trad.
Título de la obra Histoire de la joie
9 (RLIN) 429749
942 ## - ENTRADA DE ELEMENTOS AGREGADOS (KOHA)
Fuente de clasificaión o esquema
Koha [por defecto] tipo de item Libros
Holdings
Suprimido Perdido Fuente de clasificación o esquema Estropeado No para préstamo Localización permanente Localización actual Fecha adquisición Préstamos totales Signatura completa Número de Registro / Código de Barras Fecha última consulta Fecha del precio de reemplazo Tipo de item de Koha
          San Esteban San Esteban 23/06/2026   111 COR his 129950 23/06/2026 23/06/2026 Libros

Bibliotecas Dominicos Provincia Hispania, 2016

Con tecnología Koha